00601nam a22001817a 4500003000900000008004100009040007100050082001900121100002100140245004100161260004700202300002600249440004900275505002300324650002100347650002300368650002800391AR-CdUCM190313b ||||| |||| 00| 0 spa d aMUNICIPALIDAD PROVINCIAL DEL CUSCOcBIBLIOTECA MUNICIPAL DEL CUSCO a869.569 /bV24 aVallejo, César aEl tungsteno : bNovela proletaria / aLima : bFondo de Cultura Popular, c1965. a156 paginas ;c17 cm. aColección los grandes autores del Perú ; aContenido : Novela aNovelas peruanas aLiteratura peruana aLiteratura del siglo xx